| 000 | 00430nam a2200157Ia 4500 | ||
|---|---|---|---|
| 008 | 210210b1983 xxu||||| |||| 00| 0 eng d | ||
| 020 | _a0 8014 9177 0 | ||
| 082 | _a796.812 DOUW | ||
| 100 | _aDOUGLAS (Bob). | ||
| 245 | _aWrestling: the making of a champion: the takedown. | ||
| 260 |
_aLondon _bCornell university press _c1983 |
||
| 300 | _a165 | ||
| 650 | _aWrestling | ||
| 690 | _aAthletic & Outdoor Sports | ||
| 906 | _a041380 | ||
| 999 |
_c90967 _d90967 |
||